000 00752nam a2200217 i 4500
001 189433
003 SpMaBN
005 20250823063132.0
008 190531s2018 sp ac |||| |dspa d
080 _a78 Pablo, Luis de
100 1 _aPablo, Luis de,
_d1930-
_988085
245 1 4 _aUna música que_ /
_cLuis de Pablo.
260 _a[Madrid] :
_bReal Academia de Bellas Artes de San Fernando,
_c[2018]
300 _a1 h. pleg. (6 p.) :
_bil. col., 1 retr. ;
_c21 cm.
490 1 _aPliegos de pensamiento vivo ;
_v2
650 0 4 _aMúsica-
_yS.XX.
_915401
710 2 _aReal Academia de Bellas Artes de San Fernando.
_96291
830 0 _aPliegos de pensamiento vivo ;
_v2
_9193319
852 _aES-MaACL
_j2340-F-2
999 _c189433
_d189433